000 00516nam a2200193Ia 4500
003 GCL
008 140319s9999 xx 000 0 ara d
040 _aGCL /
_cGCL
082 0 4 _a123
_bس ح
100 1 _aسرى نسيبة
245 1 0 _aالحرية من الحر والمطلق /
_cسرى نسيبة
300 _a149 ص
490 _a100 قصة
_v0
650 0 4 _aالفلسفة
650 0 4 _aالضبط الاجتماعى
650 0 4 _aالحرية
650 0 4 _aحرية التعبير
942 _2ddc
_cBK
999 _c43618
_d43618